000 00291nam a22001337a 4500
008 171024b xxu||||| |||| 00| 0 eng d
020 _a0131077147
041 _aeng
080 _21ST
_a311
100 _a55
101 _aSTA
245 _aBUSINESS STATISTICS
_cFREUND,J.E
942 _2udc
_cBK
999 _c35611
_d35611